000 00649cam a22002052 4500
001 0000001975
005 20151217151835.0
008 070329s xx 000 0 eng d
020 _a8178294591 :
_cKES 600
040 _aKABU
_cKABU
050 0 _aHD82
_b.U56
110 2 _aUN Millennium Project.
_@0000151106
245 1 0 _aInvesting in development :
_ba practical plan to achieve the millennium development goals: an overview.
260 _aNew York :
_bMillenium project,
_c2005.
300 _axvi, 74 p.
650 0 _aEconomic development.
_@0000150073
908 _a070329
950 _@1
999 _c5559
_d5559